Manual práctico de la negociación colectiva: con las normas de la ley Nº 20.940

Gardado en:
Detalles Bibliográficos
Autor Principal: Aguayo Mohr, Cristián Andrés (Author)
Formato: Libro
Idioma:Lingua castelá
Publicado: Santiago Thomson Reuters 2017
Edición:1a. ed
Subjects:
Tags: Engadir etiqueta
Sen Etiquetas, Sexa o primeiro en etiquetar este rexistro!

MARC

LEADER 00000cam a2200000 a 4500
001 UCC0669
003 CL-VaPUC
008 170825e20170700cl |||||||||||||||||spa|d
020 |a 9789563468892 
082 0 4 |a 344.01  |b AGU  |2 21 
100 0 |a Aguayo Mohr, Cristián Andrés  |e author  |9 594670 
245 1 0 |a Manual práctico de la negociación colectiva: con las normas de la ley Nº 20.940 
250 |a 1a. ed 
300 |a 471 p 
942 |c BK 
945 |d 20170825 13:52:00  |a arojas 
260 |a Santiago  |b Thomson Reuters  |c 2017 
650 7 |a DERECHO LABORAL  |2 CL-VaPUC  |9 15 
650 0 |a Negociación colectiva  |9 312433 
650 0 |a Código del trabajo  |9 255479 
650 7 |a PLAN LABORAL  |2 CL-VaPUC  |9 358115 
650 7 |a SINDICALISMO  |2 CL-VaPUC  |9 594671 
583 |a last modification  |c 20170825 13:52:00  |k Rodrigo Vera 
999 |c 369436  |d 369434 
952 |0 0  |1 0  |3 erb  |4 0  |6 344_010000000000000_AGU_2017  |7 0  |8 A  |9 485242  |a BIBDER  |b BIBDER  |i 5417600  |o 344.01 AGU 2017  |p 5417600  |r 2023-01-25  |w 2019-11-24  |y BK  |z Catalogado en:20170825  |k DER